000 01975nam0a22003611 4500
001 rc\2148830
005 20260407211910.0
010 _dБеспл.
_95000
021 _aRU
_b79-79492
035 _a(NLR Aleph) 008745996
090 _a9551233
_c9551233
100 _a20110826d1979 |||y0rusy50 ca
101 0 _arus
102 _aRU
105 _ay n |||||
200 1 _aСборник руководящих документов и материалов по охране труда, технике безопасности, эксплуатации служебного автотранспорта и пожарной безопасности
_fМ-во культуры РСФСР. Центр. бюро по технике безопасности и охране труда, Гл. ИВЦ
_g[сост. Стенин С.В.]
210 _aМосква
_cб.и.
_d1979
215 _a148 с.
_d20
606 1 _aКультурно-просветительные учреждения
_jНормативные материалы
_xОхрана труда
_91428221
_3RU\NLR\AUTH\66603422
606 1 _aРаботники культурно-просветительных учреждений
_xОхрана труда
_92051460
_3RU\NLR\AUTH\66946431
686 _aЧ11н6
_2rubbk
686 0 _aХ627.43-3
_2rubbk
702 1 _aСтенин
_bС. В.
_4220
711 0 1 _aРСФСР
_bМинистерство культуры
_bЦентральное бюро по технике безопасности и охране труда
_3RU\NLR\AUTH\8810141034
_9776953
711 0 1 _aРСФСР
_bМинистерство культуры
_bГлавный информационно-вычислительный центр
_3RU\NLR\AUTH\8810125788
_9748981
801 0 _aRU
_bNLR
_gpsbo
801 1 _aRU
_bELAR
_2rusmarc
801 2 _aRU
_bNLR
_c20120703
_2rusmarc
852 _aNLR
_j80-3/883
899 _aRuMoRGB
_jB 79-25/411
899 _aRuMoRGB
_jB 79-25/412
942 _cBOOK
980 _aNB